| 000 | 00481nam a2200157 i 4500 | ||
|---|---|---|---|
| 001 | 76617 | ||
| 003 | ES-MaACL | ||
| 005 | 20230906172911.0 | ||
| 007 | t| | ||
| 008 | 041004s1923 fr ||||1| fre d | ||
| 100 | 1 |
_aGuisez, Jean. _960902 |
|
| 245 | 1 | 0 |
_aDiagnostie et traitement des rétrécissements de l'oesophage et de la trachée / _cJean Guisez. |
| 260 |
_aParis : _b[s.n., _c1923] ( _eLaval : _fBarneoud) |
||
| 300 |
_a364 p., 2 lám. ; _c25 p. |
||
| 852 |
_aES-MaACL _jB-11985 |
||
| 999 |
_c76617 _d76617 |
||